000 00433nam a22001817a 4500
003 OSt
005 20231123091014.0
008 180521b xxu||||| |||| 00| 0 eng d
020 _a8187254297
040 _cIIMT UNIVERSITY MEERUT
100 _aDHIMAN R P S
245 _a KRISHI MOSAM EVAM JALVAYU VIGYAN
250 _a1ED
260 _aNEW DELHI
_bRAMA PUB
_c2016
300 _b280
856 _3PAPERBACK
942 _2ddc
_c01
999 _c44209
_d44209